| 000 | 01028nam0a22002771 4500 | ||
|---|---|---|---|
| 001 | rc\164210 | ||
| 005 | 20250620214136.0 | ||
| 010 |
_a5-235-01253-4 _920000 |
||
| 035 | _a(NLR Aleph) 005428777 | ||
| 090 |
_a7554854 _c7554854 |
||
| 100 | _a20030307d1991 |||y0rusy50 ca | ||
| 101 | 0 | _arus | |
| 102 | _aRU | ||
| 105 | _aa ||||||||| | ||
| 200 | 1 |
_aЕдинство _eСтихотворения и поэма _fВиктор Коротаев _g[Худож. В. Потапов] |
|
| 210 |
_aМ. _cМол. гвардия _d1991 |
||
| 215 |
_a111, [1] с. _cил. _d20 |
||
| 327 | 1 | _aСодерж.: Стихотворения; Земля под ногами: Поэма | |
| 464 | 0 |
_12001#$aСтихотворения _tСтихотворения |
|
| 464 | 0 |
_12001#$aЗемля под ногами _tЗемля под ногами |
|
| 700 | 1 |
_aКоротаев _bВ.В. _f1939- _gВиктор Вениаминович |
|
| 801 | 0 |
_aRU _bNLR _gpsbo |
|
| 801 | 1 |
_aRU _bELAR _2rusmarc |
|
| 852 |
_aNLR _j91-3/5601 |
||
| 942 | _cBOOK | ||
| 980 | _aNB | ||